Making of modern Nepal : (Record no. 21735)

MARC details
000 -LEADER
fixed length control field 00905nam a2200289 a 4500
001 - CONTROL NUMBER
control field 1667105
003 - CONTROL NUMBER IDENTIFIER
control field BDDh-ASL
005 - DATE AND TIME OF LATEST TRANSACTION
control field 20231015030032.0
008 - FIXED-LENGTH DATA ELEMENTS--GENERAL INFORMATION
fixed length control field 971211s1997 ii ab b 000 0 eng
010 ## - LIBRARY OF CONGRESS CONTROL NUMBER
LC control number 97905324
020 ## - INTERNATIONAL STANDARD BOOK NUMBER
International Standard Book Number 8185693374
025 ## - OVERSEAS ACQUISITION NUMBER
Overseas acquisition number I-E-97-905324; 56-11
040 ## - CATALOGING SOURCE
Original cataloging agency DLC
Transcribing agency DLC
Modifying agency BDDh-ASL
042 ## - AUTHENTICATION CODE
Authentication code lcode
043 ## - GEOGRAPHIC AREA CODE
Geographic area code a-np---
050 00 - LIBRARY OF CONGRESS CALL NUMBER
Classification number DS494.5
Item number .P36 1997
082 ## - DEWEY DECIMAL CLASSIFICATION NUMBER
Classification number 954.96
Item number PAM
100 1# - MAIN ENTRY--PERSONAL NAME
Personal name Pandey, Ram Niwas.
245 10 - TITLE STATEMENT
Title Making of modern Nepal :
Remainder of title a study of history, art, and culture of the principalities of western Nepal /
Statement of responsibility, etc. Ram Niwas Pandey.
260 ## - PUBLICATION, DISTRIBUTION, ETC.
Place of publication, distribution, etc. New Delhi :
Name of publisher, distributor, etc. Nirala Publications,
Date of publication, distribution, etc. 1997.
300 ## - PHYSICAL DESCRIPTION
Extent 811 p. :
Other physical details ill., maps ;
Dimensions 23 cm.
504 ## - BIBLIOGRAPHY, ETC. NOTE
Bibliography, etc. note Includes bibliographical references (p. [787]-798).
651 #0 - SUBJECT ADDED ENTRY--GEOGRAPHIC NAME
Geographic name Nepal
General subdivision History.
906 ## - LOCAL DATA ELEMENT F, LDF (RLIN)
a 7
b cbc
c origode
d 3
e ncip
f 19
g y-gencatlg
942 ## - ADDED ENTRY ELEMENTS (KOHA)
Source of classification or shelving scheme Dewey Decimal Classification
Koha item type Books
Holdings
Withdrawn status Lost status Source of classification or shelving scheme Damaged status Not for loan Collection code Home library Current library Shelving location Date acquired Source of acquisition Total Checkouts Full call number Barcode Date last seen Copy number Price effective from Koha item type
    Dewey Decimal Classification     Non-fiction Asiatic Society Library Asiatic Society Library General Stacks 02/11/2021 Donated by Banglapedia Reference Library   954.96 PAM 105657 02/11/2021 C-1 02/11/2021 Books

Powered by Koha